Ubuntu Server Guide(E-BOOK) (Record no. 192401)

000 -LEADER
fixed length control field 00663 a2200157 4500
003 - CONTROL NUMBER IDENTIFIER
control field Nust
005 - DATE AND TIME OF LATEST TRANSACTION
control field 20170207154036.0
020 ## - INTERNATIONAL STANDARD BOOK NUMBER
International Standard Book Number 1596822090
040 ## - CATALOGING SOURCE
Transcribing agency Nust
245 ## - TITLE STATEMENT
Title Ubuntu Server Guide(E-BOOK)
260 ## - PUBLICATION, DISTRIBUTION, ETC.
Name of publisher, distributor, etc. Canonical
Date of publication, distribution, etc. 2010
300 ## - PHYSICAL DESCRIPTION
Extent vi, 281p
505 ## - FORMATTED CONTENTS NOTE
Formatted contents note Introduction (Page-1) Installation (Page-3) Package Management (Page-17) Networking (Page-29) Remote Administration (Page-47) Network Authentication (Page-54) Domain Name Service (DNS) (Page-92) Monitoring (Page-130) File Servers (Page-169) Windows Networking (Page-220) Backups (Page-240) VPN (Page-285) Other Useful Applications (Page-290)
650 ## - SUBJECT ADDED ENTRY--TOPICAL TERM
Topical term or geographic name entry element Ubuntu Server Guide
651 ## - SUBJECT ADDED ENTRY--GEOGRAPHIC NAME
Geographic name E-BOOK
942 ## - ADDED ENTRY ELEMENTS (KOHA)
Source of classification or shelving scheme
Koha item type Book
Holdings
Withdrawn status Lost status Source of classification or shelving scheme Damaged status Not for loan Collection code Permanent Location Current Location Date acquired Total Checkouts Barcode Date last seen Price effective from Koha item type
            Military College of Signals (MCS) Military College of Signals (MCS) 12/12/2016   MCSEB-1324 12/08/2016 12/12/2016 Book
© 2023 Central Library, National University of Sciences and Technology. All Rights Reserved.